Suomi 100 Ulkomailla - Statistics

Yleistilastot
  • Tätä visaa on pelattu 198 kertaa
  • Keskiarvotulos 21 / 51
Vastaustilastot
Maa Kaupunki % Oikein
Ruotsi Tukholma
86%
Islanti Reykjavik
80%
Venäjä Moskova
79%
Norja Oslo
79%
Viro Tallinna
78%
Italia Rooma
76%
Venäjä Pietari
74%
Kreikka Ateena
73%
Irlanti Dublin
73%
Latvia Riika
73%
Puola Varsova
72%
Itävalta Wien
69%
Portugal Lissabon
68%
Turkki Ankara
66%
Yhdysvallat New York City
66%
Unkari Budapest
63%
Ukraina Kiova
63%
Tšekki Praha
63%
Bulgaria Sofia
63%
Australia Canberra
62%
Arabi Emiraatit Dubai
56%
Argentiina Buenos Aires
54%
Brasilia Rio de Janeiro
53%
Turkki Istanbul
50%
Singapore Singapore
50%
Serbia Belgrad
45%
Arabi Emiraatit Abu Dhabi
41%
Brasilia Sao Paulo
41%
Kypros Nikosia
38%
Israel Tel Aviv
38%
Australia Perth
36%
Kasakstan Astana
31%
Meksiko Mexico City
31%
Viro Tartto
31%
Australia Brisbane
23%
Australia Adelaide
22%
Etiopia Addis Ababa
13%
Yhdysvallat San Francisco
11%
Mosambik Maputo
9%
Venäjä Petroskoi
6%
Iso-Britannia Newcastle
5%
Ruotsi Borås
1%
Australia Hobart
1%
Latvia Jelgava
1%
Sveitsi Montreux
1%
Kanada Niagara /putoukset
1%
Espanja Playa del Ingles
1%
Kiina Suzhou
1%
Alankomaat Alkmaar
0%
Venäjä Lumivaara
0%
Alankomaat Riegersburg
0%
Ehtoja vastaavia visoja ei löytynyt
Tulosjakauma
Jokaisen tuloksen saaneiden osuus
Persentiili vastausten määrän mukaan
Tuloshistoriasi
Et ole pelannut tätä visaa